Shaum's Outline of Theory and Problems of Cost Accounting / Third Edition (Record no. 684)
[ view plain ]
| 000 -LEADER | |
|---|---|
| fixed length control field | 01295cam a22002294a 4500 |
| 005 - ΗΜΕΡΟΜΗΝΙΑ ΚΑΙ ΩΡΑ ΤΕΛΕΥΤΑΙΑΣ ΕΝΗΜΕΡΩΣΗΣ | |
| Πεδίο ελέγχου | 20250605163942.0 |
| 008 - FIXED-LENGTH DATA ELEMENTS--GENERAL INFORMATION | |
| Πεδίο ελέγχου σταθερού μήκους | 250528s ||||||||||||||||||||||||d |
| 035 ## - SYSTEM CONTROL NUMBER | |
| System control number | 15085 |
| 020 ## - ISBN | |
| ISBN | 70110263 |
| 040 ## - ΠΗΓΗ ΚΑΤΑΛΟΓΟΓΡΑΦΗΣΗΣ | |
| Φορέας πρωτότυπης καταλογογράφησης | MC Athens Campus Library |
| Γλώσσα καταλογογράφησης | Ελληνικά, Μοντέρνα (1453-) |
| Modifying agency | MC Athens Campus Library |
| Κανόνες περιγραφικής καταλογογράφησης | AACR2 |
| 245 1# - ΤΙΤΛΟΣ ΚΑΙ ΔΗΛΩΣΗ ΥΠΕΥΘΥΝΟΤΗΤΑΣ | |
| Τίτλος | Shaum's Outline of Theory and Problems of Cost Accounting / Third Edition |
| 250 ## - EDITION STATEMENT | |
| Edition statement | 3rd |
| 260 ## - PUBLICATION, DISTRIBUTION, ETC. | |
| Name of publisher, distributor, etc. | Mcgraw Hill, Inc, |
| Date of publication, distribution, etc. | 1994 |
| 300 ## - PHYSICAL DESCRIPTION | |
| Extent | 230 |
| 520 ## - SUMMARY, ETC. | |
| Summary, etc. | Each Out Life Series includes basic theory, definitions, and hundreds of carefully solved problems and supplementary problems. The Role and Concepts and Classifications of Cost Accounting, Costing and Control of Materials and Labor, Factory Overhead and the Factory Ledger, Job Order Cost System, Process Cost System, By-Product and Joint Product Costing, The Master Budget, Standard Costs and Gross Profit Analysis, Direct Costing and Break-Even Analysis and Cost-Volume-Profit Planning, Capital Budgeting, Relevant Costing in Decision Making and Performance Measurement, Decision Theory and Economic Order Quantity, Decentralized Operations and Responsibility Accounting and Transfer Pricing, Index. |
| 700 1# - ΠΡΟΣΘΕΤΗ ΑΝΑΓΡΑΦΗ--ΦΥΣΙΚΟ ΠΡΟΣΩΠΟ | |
| Personal name | Cashin James A |
| 9 (RLIN) | 892 |
| 700 1# - ΠΡΟΣΘΕΤΗ ΑΝΑΓΡΑΦΗ--ΦΥΣΙΚΟ ΠΡΟΣΩΠΟ | |
| Personal name | Handy A. Sheila |
| 9 (RLIN) | 928 |
| 700 1# - ΠΡΟΣΘΕΤΗ ΑΝΑΓΡΑΦΗ--ΦΥΣΙΚΟ ΠΡΟΣΩΠΟ | |
| Personal name | Polimeni S. Ralph |
| 9 (RLIN) | 929 |
| 942 ## - ADDED ENTRY ELEMENTS (KOHA) | |
| Koha item type | Books |
| Τύπος τεκμηρίου | Βιβλιοθήκη | Τρέχουσα τοποθεσία | Barcode | Αριθμός εισαγωγής | Ημερομηνία απόκτησης | Ταξιθετικό σύμβολο | Αριθμός αντιτύπου | Κατάσταση απόσυρσης | Κατάσταση χαμένου | Κατάσταση κατεστραμμένου | Μη δανεισμός | Σύνολο δανεισμών | Ημερομηνία τελευταίας εμφάνισης | Η τιμή ισχύει από |
|---|---|---|---|---|---|---|---|---|---|---|---|---|---|---|
| Books | MC Athens Campus Library | MC Athens Campus Library | 9780000006837 | 1314 | 05/06/2025 | 657/.42 POL | 1 | 05/06/2025 | 05/06/2025 |